[Event "Match"]
[Site "www.echecsemail.com"]
[Date "2017.01.17"]
[Round "1"]
[White "Geodad5"]
[Black "Jobeye"]
[WhiteElo "2140"]
[BlackElo "2010"]
[Result "1-0"]
[Round "1"]
1.d4 c6
2.e4 e5
3.Ng1f3 Bf8d6
4.Bc1g5 Qd8a5
5.c3 f6
6.Bg5e3 exd4
7.Nf3xd4 Bd6e5
8.Nd4b3 Qa5c7
9.g3 Ng8e7
10.Nb1d2 d5
11.Bf1g2  { time }
1-0

[Event "Match"]
[Site "www.echecsemail.com"]
[Date "2017.01.17"]
[Round "1"]
[White "Krystek23"]
[Black "Jobeye"]
[WhiteElo "2340"]
[BlackElo "2010"]
[Result "1-0"]
[Round "1"]
1.c4 c6
2.Nb1c3 d5
3.cxd5 cxd5
4.d4 Nb8c6
5.Ng1f3 Bc8g4
6.Nf3e5 Nc6xe5
7.dxe5 e6
8.Qd1a4 Qd8d7
9.Qa4xg4 Ng8e7
10.e3 g6
11.Bf1b5  { time }
1-0

[Event "Match"]
[Site "www.echecsemail.com"]
[Date "2017.01.17"]
[Round "1"]
[White "Jobeye"]
[Black "Whitekknight"]
[WhiteElo "1960"]
[BlackElo "1920"]
[Result "0-1"]
[Round "1"]
1.Ng1f3 Ng8f6
2.c4 c6
3.e3 d5
4.b3 e6
5.Bf1d3 dxc4
6.Bd3xc4 Bf8b4
7.O-O b5
8.Bc4e2 Bc8b7
9.a3 Bb4a5
10.b4 Ba5c7
11.Bc1b2 O-O
 { time }
0-1

[Event "Match"]
[Site "www.echecsemail.com"]
[Date "2017.01.17"]
[Round "1"]
[White "Winston"]
[Black "Paco"]
[WhiteElo "1480"]
[BlackElo "1890"]
[Result "1-0"]
[Round "1"]
1.e4 e5
2.Ng1f3 Nb8c6
3.Bf1c4 d6
4.O-O Ng8f6
5.d3 a6
6.a3 b5
7.Bc4b3 Bc8b7
8.c3 h6
{ time. }
1-0

[Event "Match"]
[Site "www.echecsemail.com"]
[Date "2017.01.17"]
[Round "1"]
[White "Estonia"]
[Black "Jobeye"]
[WhiteElo "2070"]
[BlackElo "2030"]
[Result "1-0"]
[Round "1"]
1.Ng1f3 g6
2.g3 c6
3.Bf1g2 Bf8g7
4.d4 d5
5.O-O Ng8f6
6.Bc1f4 Nb8d7
7.c3 a5
8.a4 O-O
9.Nb1a3 Qd8b6
10.Qd1d2 Nf6e4
11.Qd2c2 Nd7f6
12.Nf3d2 Ne4xd2
13.Bf4xd2 Bc8f5
14.Qc2c1 Nf6e4
15.Bg2xe4  { time }
1-0

[Event "Match"]
[Site "www.echecsemail.com"]
[Date "2017.01.17"]
[Round "1"]
[White "Calponas"]
[Black "Jobeye"]
[WhiteElo "2010"]
[BlackElo "1980"]
[Result "1-0"]
[Round "1"]
1.e4 c6
2.c4 e5
3.d4 Ng8f6
4.Bc1g5 Qd8a5
5.Bg5d2 Bf8b4
6.a3 Bb4xd2
7.Nb1xd2 exd4
8.b4 Qa5c7
9.Ng1f3 O-O
10.Nf3xd4  { time }
1-0

[Event "Match"]
[Site "www.echecsemail.com"]
[Date "2017.01.17"]
[Round "1"]
[White "Luke1302"]
[Black "Cal"]
[WhiteElo "1499"]
[BlackElo "1470"]
[Result "0-1"]
[Round "1"]
1.e3 e5
2.Qd1e2 Nb8c6
3.b3 d5
4.Bc1b2 Bf8d6
5.g3 a6
6.Ng1f3 Ng8f6
7.Bf1g2 Bc8e6
8.h3 h6
9.Nf3h4 b5
10.Nb1c3 O-O
11.a3 Nc6e7
12.a4 b4
13.Nc3b1 c5
14.c3 Kh7
15.Qe2d3 e4
16.Qd3c2 Qd8c7
17.d3 exd3
18.Qc2xd3 g6
19.c4 d4
20.Nb1d2 Bd6xg3
21.exd4 Bg3xh4
22.Bg2e4 cxd4
23.Bb2xd4 Qc7f4
24.Bd4c5 Nf6h5
25.Bc5e3 Qf4f6
26.Be4xa8 Rf8xa8
27.O-O-O Qf6a1
28.Nd2b1 Be6f5
29.Qd3d4 Qa1xb1
30.Kd2 Qb1c2
31.Ke1 Ra8e8
32.Qd4c5 Ne7g8
33.Qc5xb4 Re8xe3
34.Kf1 Qc2xf2
{ resign }
0-1

[Event "Match"]
[Site "www.echecsemail.com"]
[Date "2017.01.17"]
[Round "1"]
[White "Luban"]
[Black "Jobeye"]
[WhiteElo "2060"]
[BlackElo "2010"]
[Result "1-0"]
[Round "1"]
1.d4 c5
2.e3 cxd4
3.exd4 e5
4.dxe5 Qd8a5
5.Bc1d2 Qa5xe5
6.Qd1e2 Nb8c6
7.c3 d5
8.h3 Bc8f5
9.Ng1f3 Qe5e4
10.Qe2xe4 Bf5xe4
11.Bd2e3 Be4xf3
12.gxf3 Nc6e5
13.Bf1e2 Ng8f6
14.Nb1d2 b6
15.Nd2b3 Bf8d6
16.O-O-O O-O
17.f4  { time }
1-0

[Event "Match"]
[Site "www.echecsemail.com"]
[Date "2017.01.17"]
[Round "1"]
[White "Yoj"]
[Black "Cal"]
[WhiteElo "1809"]
[BlackElo "1510"]
[Result "1-0"]
[Round "1"]
1.d4 d5
2.Nb1c3 e6
3.Bc1f4 Nb8c6
4.Nc3b5 Bf8d6
5.Qd1d2 h6
6.Bf4xd6 cxd6
7.Ng1f3 a6
8.Nb5c3 b5
9.g3 Ng8f6
10.Bf1g2 Bc8b7
11.O-O O-O
12.a3 Nc6a5
13.b3 Na5c6
14.e3 Nc6e7
15.Rf1e1 Ne7g6
16.Nc3e2 Nf6e4
17.Qd2d1 f5
18.Nf3d2 Qd8f6
19.Nd2f3 e5
20.Nf3d2 f4
21.exf4 exf4
22.gxf4 Ng6h4
23.Ne2g3 Qf6xf4
24.Nd2f3 Ne4c3
25.Qd1d3 b4
26.axb4 Nc3b5
27.Nf3xh4 Qf4xh4
28.Ng3f5 Qh4f4
29.Nf5e7 Kf7
30.Qd3g6 
1-0

[Event "Match"]
[Site "www.echecsemail.com"]
[Date "2017.01.17"]
[Round "1"]
[White "Liencam2"]
[Black "Jobeye"]
[WhiteElo "2330"]
[BlackElo "1910"]
[Result "1-0"]
[Round "1"]
1.e4 e5
2.Ng1f3 Nb8c6
3.d4 Nc6xd4
4.Nf3xe5 Nd4e6
5.Bf1c4 Qd8h4
6.Nb1c3 Bf8c5
7.Qd1f3  { time }
1-0

[Event "Match"]
[Site "www.echecsemail.com"]
[Date "2017.01.17"]
[Round "1"]
[White "Manuelito"]
[Black "Jobeye"]
[WhiteElo "1670"]
[BlackElo "1920"]
[Result "1-0"]
[Round "1"]
1.d4 c6
2.e3 Qd8a5
3.Bc1d2 Qa5f5
4.Bf1d3 Qf5d5
5.Ng1f3 f5
6.Nb1c3 Qd5f7
7.O-O e6
8.Nf3g5 Qf7f6
9.Ng5f3  { time }
1-0

[Event "Match"]
[Site "www.echecsemail.com"]
[Date "2017.01.17"]
[Round "1"]
[White "Osmundw"]
[Black "Cal"]
[WhiteElo "1430"]
[BlackElo "1470"]
[Result "0-1"]
[Round "1"]
1.e4 c5
2.d3 e5
3.Nb1c3 d6
4.Ng1f3 h6
5.g4 Ng8f6
6.g5 hxg5
7.Nf3xg5 Bf8e7
8.Bf1g2 Bc8g4
9.Bg2f3 Bg4xf3
10.Qd1xf3 Nb8c6
11.Qf3f5 Nc6d4
12.Ng5xf7 Kxf7
13.Qf5f4 Qd8d7
14.Qf4g5 Rh8h5
15.Qg5d2 Nd4f3
16.Ke2 Nf3xd2
17.Kxd2 a6
18.Rh1g1 b5
19.a3 Rh5xh2
20.Ke1 Qd7h3
21.Rg1g3 Rh2h1
22.Ke2 Qh3f1
23.Kd2 Qf1e1
{ resign }
0-1

[Event "Match"]
[Site "www.echecsemail.com"]
[Date "2017.01.17"]
[Round "1"]
[White "Jobeye"]
[Black "Billyg"]
[WhiteElo "1910"]
[BlackElo "1670"]
[Result "0-1"]
[Round "1"]
1.Ng1f3 e6
2.e4 d5
3.exd5 exd5
4.c4 Ng8f6
5.Nf3d4 dxc4
6.Qd1a4 Bc8d7
7.Qa4xc4 Qd8e7
 { time }
0-1

[Event "Match"]
[Site "www.echecsemail.com"]
[Date "2017.01.17"]
[Round "1"]
[White "Jobeye"]
[Black "Silikon"]
[WhiteElo "2010"]
[BlackElo "1589"]
[Result "0-1"]
[Round "1"]
1.c4 e5
2.Ng1f3 Nb8c6
3.e3 Ng8f6
4.Nb1c3 d5
5.cxd5 Nf6xd5
6.Nc3xd5 Qd8xd5
7.Bf1e2 Bf8d6
8.O-O e4
9.Nf3e1 Bc8h3
10.gxh3 Qd5e5
 { time }
0-1

[Event "Fast Game"]
[Site "www.echecsemail.com"]
[Date "2017.01.17"]
[Round "1"]
[White "Paulsyd"]
[Black "Genius9"]
[WhiteElo "1599"]
[BlackElo "1399"]
[Result "1-0"]
[Round "1"]
1.e4 e6
2.Ng1f3 d5
3.Nb1c3 d4
4.Nc3e2 c5
5.c3 dxc3
6.bxc3 Nb8c6
7.Ne2g3 Ng8f6
8.Bf1b5 Bc8d7
9.O-O Bf8e7
10.d4 cxd4
11.cxd4 a6
12.Bb5e2 O-O
13.d5 exd5
14.exd5 Nc6b4
15.d6 { resign }
1-0

[Event "Fast Game"]
[Site "www.echecsemail.com"]
[Date "2017.01.17"]
[Round "1"]
[White "Lucaschess"]
[Black "Genius9"]
[WhiteElo "1599"]
[BlackElo "1399"]
[Result "1-0"]
[Round "1"]
1.e4 e5
2.Ng1f3 Nb8c6
3.Bf1c4 Ng8f6
4.d4 exd4
5.O-O Nf6xe4
6.Rf1e1 d5
7.Bc4xd5 Qd8xd5
8.Nb1c3 Qd5d8
9.Re1xe4 Bf8e7
10.Nf3xd4 Bc8d7
11.Nc3d5 O-O
12.Nd4xc6 { resign }
1-0

[Event "Tourn. n9045"]
[Site "www.chess-mail.com"]
[Date "2017.01.18"]
[Round "1"]
[White "Ericleo1980"]
[Black "Paaliaq"]
[WhiteElo "2240"]
[BlackElo "2660"]
[Result "0-1"]
[Round "1"]
1.e4 e6
2.d4 d5
3.Nb1c3 Ng8f6
4.Bc1g5 Bf8b4
5.e5 h6
6.Bg5d2 Bb4xc3
7.bxc3 Nf6e4
8.Qd1g4 g6
9.Bf1d3 Ne4xd2
10.Kxd2 c5
11.h4 c4
12.Bd3e2 Nb8d7
13.Ng1h3 b6
14.a4 Qd8e7
15.Rh1b1 Bc8a6
16.f4 O-O-O
17.Rb1b2 f5
18.Qg4g3 Rd8g8
19.a5 b5
20.Be2f3 Nd7b8
21.Ra1b1 Nb8c6
22.Rb1a1 b4
23.Bf3e2 bxc3
24.Kxc3 Kd7
25.Qg3f2 Rg8b8
26.Ra1a4 Rb8xb2
27.Kxb2 Ba6b5
28.Ra4a1 Qe7b4
29.Kc1 Bb5a4
30.Ra1b1 Qb4a3
31.Kd2 c3
32.Kd1 Rh8b8
33.Rb1c1 Ba4xc2
{ resign }
0-1

[Event "Tourn. n9139"]
[Site "www.chess-mail.com"]
[Date "2017.01.18"]
[Round "1"]
[White "Jobeye"]
[Black "Julian"]
[WhiteElo "1990"]
[BlackElo "2000"]
[Result "0-1"]
[Round "1"]
1.e4 g6
2.Qd1f3 Bf8g7
3.c3 c5
4.Bf1c4 e6
5.d3 Nb8c6
6.Bc1f4 d6
7.Ng1e2 Ng8e7
8.Nb1d2 O-O
9.O-O f5
10.exf5 Ne7xf5
 { time }
0-1

[Event "Tourn. n9193"]
[Site "www.chess-mail.com"]
[Date "2017.01.18"]
[Round "1"]
[White "Bojan"]
[Black "Norlavuaram"]
[WhiteElo "2020"]
[BlackElo "2080"]
[Result "0-1"]
[Round "1"]
1.e4 e5
2.Ng1f3 Nb8c6
3.Bf1c4 Bf8e7
4.d4 d6
5.d5 Nc6b8
6.h3 f5
7.Nb1c3 Ng8f6
8.Qd1e2 fxe4
9.Nc3xe4 Bc8f5
10.Ne4xf6 gxf6
11.Nf3h4 Bf5d7
12.Bc1h6 Be7f8
13.Qe2h5 Ke7
14.Nh4f5 Bd7xf5
15.Qh5xf5 Bf8xh6
16.Bc4d3 Qd8g8
17.Qf5f3 Nb8d7
18.c4 Ra8f8
19.Bd3f5 Qg8g5
20.O-O Rh8g8
21.g3 Kd8
22.b3 Nd7c5
23.b4 e4
24.Bf5xe4 Nc5xe4
25.Qf3xe4 f5
26.Qe4d3 f4
27.g4 f3
28.Rf1e1 Qg5h4
29.Kh2 Bh6f4
{ resign }
0-1

[Event "Tourn. n9140"]
[Site "www.chess-mail.com"]
[Date "2017.01.18"]
[Round "1"]
[White "Luban"]
[Black "Jobeye"]
[WhiteElo "2060"]
[BlackElo "2040"]
[Result "1-0"]
[Round "1"]
1.d4 c6
2.Ng1f3 g6
3.e3 d6
4.c4 Bf8g7
5.Nb1c3 Bc8e6
6.h3 Ng8f6
7.Bf1d3 Nb8d7
8.O-O d5
9.Rf1e1 dxc4
10.Bd3c2 a6
11.e4 b5
12.Nf3g5 O-O
13.f4 Bg7h6
14.f5 gxf5
15.exf5  { time }
1-0

[Event "Tourn. n9190"]
[Site "www.chess-mail.com"]
[Date "2017.01.18"]
[Round "1"]
[White "Yoj"]
[Black "B0zata"]
[WhiteElo "2020"]
[BlackElo "2120"]
[Result "0-1"]
[Round "1"]
1.d4 Ng8f6
2.Bc1f4 d5
3.c4 Bc8f5
4.Nb1c3 dxc4
5.Qd1a4 c6
6.Qa4xc4 e6
7.f3 Bf8e7
8.e4 Bf5g6
9.Bf1d3 Nb8d7
10.Ng1e2 Nd7b6
11.Qc4b3 O-O
12.O-O-O Nf6h5
13.Bf4e3 Qd8c7
14.e5 Bg6xd3
15.Rd1xd3 g6
16.g4 Nh5g7
17.h4 Nb6d5
18.Be3h6 f5
19.exf6 Rf8xf6
20.Nc3e4 Rf6f7
21.h5 e5
22.hxg6 hxg6
23.Ne4c5 exd4
24.Bh6xg7 Be7xc5
25.Bg7xd4 Bc5xd4
26.Ne2xd4 Ra8e8
27.Rd3d2 Qc7f4
28.Rh1d1 Re8e3
29.Qb3a4 Re3xf3
30.Qa4xa7 Rf3f2
31.Nd4e6 Qf4xg4
32.Qa7b8 Rf7f8
33.Ne6xf8 Rf2xf8
34.Qb8xb7 Qg4c4
35.Kb1 Nd5b4
36.b3 Qc4e4
37.Kb2 Qe4e5
38.Rd2d4 Rf8f2
39.Kb1 Qe5f5
40.Rd4d3 Nb4xd3
41.Qb7a8 Kg7
42.Qa8b7 Kh6
43.Rd1h1 Kg5
44.Qb7e7 Kg4
45.Qe7h4 Kf3
46.Rh1h3 Ke2
47.Qh4c4 Rf2f1
48.Kc2 Rf1c1

0-1

[Event "Tourn. n9173"]
[Site "www.chess-mail.com"]
[Date "2017.01.18"]
[Round "1"]
[White "Huw"]
[Black "Norlavuaram"]
[WhiteElo "2270"]
[BlackElo "2160"]
[Result "0-1"]
[Round "1"]
1.e4 e5
2.Nb1c3 Ng8f6
3.d3 Bf8b4
4.a3 Bb4a5
5.f4 d6
6.Ng1f3 Nb8c6
7.Bc1e3 O-O
8.Bf1e2 Nf6g4
9.Qd1d2 Ng4xe3
10.Qd2xe3 Ba5b6
11.Qe3d2 Bc8g4
12.Nc3a4 exf4
13.Qd2xf4 Bg4d7
14.Na4xb6 axb6
15.O-O Qd8e7
16.Nf3g5 h6
17.Ng5f3 Ra8e8
18.h3 Nc6e5
19.Nf3d4 Ne5c6
20.Nd4f5 Qe7e5
21.Be2g4 Bd7xf5
22.Qf4xf5 Qe5xb2
23.Bg4h5 Re8e7
24.Bh5g6 Nc6e5
{ resign }
0-1

[Event "Tourn. n9109"]
[Site "www.chess-mail.com"]
[Date "2017.01.18"]
[Round "1"]
[White "Cal"]
[Black "Madz123456"]
[WhiteElo "1530"]
[BlackElo "1510"]
[Result "1-0"]
[Round "1"]
1.Nb1c3 e5
2.e4 Bf8c5
3.d3 a6
4.a3 Ng8f6
5.Bc1g5 h6
6.Bg5h4 d6
7.Ng1f3 g5
8.Bh4g3 Nb8c6
9.Bf1e2 Bc8e6
10.O-O O-O
11.h3 Kh7
12.Nc3a4 Bc5a7
13.c3 b5
14.c4 bxa4
15.Qd1xa4 Nc6d4
16.Nf3xd4 Ba7xd4
17.Ra1b1 g4
18.h4 Nf6h5
19.Kh2 a5
20.b4  { time }
1-0

[Event "Tourn. n9085"]
[Site "www.chess-mail.com"]
[Date "2017.01.18"]
[Round "1"]
[White "Julian"]
[Black "Urbe69"]
[WhiteElo "1890"]
[BlackElo "1729"]
[Result "0-1"]
[Round "1"]
1.e4 e6
2.d4 d5
3.e5 c5
4.c3 Bc8d7
5.f4 cxd4
6.cxd4 Nb8c6
7.Ng1f3 Qd8b6
8.Nb1c3 Ng8e7
9.Ra1b1 Ne7f5
10.Bf1b5 Nc6xe5
11.Bb5xd7 Ne5xd7
12.O-O Bf8d6
13.g4 Nf5e7
14.Bc1e3 Ne7c6
15.Nf3e5 Nd7xe5
16.fxe5 Bd6e7
17.Qd1f3 O-O
18.Nc3e2 Ra8c8
19.Qf3h3 Nc6b4
20.g5 Nb4xa2
21.Ne2f4 Be7xg5
22.Nf4h5 Bg5xe3
23.Qh3xe3 Rc8c4
24.Qe3g3 Qb6xd4
25.Rf1f2 Qd4g4
26.Qg3xg4 Rc4xg4
27.Nh5g3 Na2b4
28.Kf1 Nb4d3
29.Rf2c2 Nd3xe5
30.Rc2c7 Rg4b4
31.Rb1a1 a6
32.Ra1a3 Rb4xb2
33.Ng3h5 Rb2xh2
34.Nh5f4 Ne5c4
35.Ra3g3 Rh2b2
36.Nf4h5 g6
37.Nh5f6 Kg7
38.Nf6d7 Rf8d8
39.Nd7c5 Rd8e8
40.Nc5xb7 Re8b8
41.Nb7c5 Rb2b1
42.Kg2 Rb8b2
43.Kh3 h5
44.Nc5xe6 Kh6
45.Rg3g2 Rb1h1
46.Kg3 h4
47.Kf3 Rh1f1
{ resign }
0-1

[Event "Tourn. n9152"]
[Site "www.chess-mail.com"]
[Date "2017.01.18"]
[Round "1"]
[White "Actmy"]
[Black "Falcoale"]
[WhiteElo "1909"]
[BlackElo "1920"]
[Result "1-0"]
[Round "1"]
1.e4 c5
2.b3 e6
3.Bc1b2 Nb8c6
4.f4 Ng8f6
5.Nb1c3 b6
6.Ng1f3 Bc8b7
7.Bf1b5 a6
8.Bb5xc6 Bb7xc6
9.d3 Bf8e7
10.O-O d5
11.e5 Nf6d7
12.d4 cxd4
13.Nf3xd4 Ra8c8
14.f5 Be7c5
15.fxe6 Nd7xe5
16.exf7 Ne5xf7
17.b4 Bc5e7
18.Qd1g4 O-O
19.Nd4e6 Bc6d7
20.Qg4xg7 { resign }
1-0

[Event "Tourn. n9047"]
[Site "www.chess-mail.com"]
[Date "2017.01.18"]
[Round "1"]
[White "Norlavuaram"]
[Black "Fabos12"]
[WhiteElo "2210"]
[BlackElo "2110"]
[Result "1-0"]
[Round "1"]
1.e4 e5
2.Ng1f3 Nb8c6
3.Bf1b5 Bf8b4
4.c3 Bb4a5
5.O-O Qd8e7
6.d3 a6
7.Bb5a4 b5
8.Ba4b3 d6
9.h3 f5
10.Bc1g5 Ng8f6
11.Nb1d2 Bc8e6
12.Bb3c2 O-O
13.exf5 Be6xf5
14.Nd2e4 Bf5xe4
15.dxe4 Qe7d7
16.Bc2b3 Kh8
17.Qd1e2 Ra8d8
18.Ra1d1 Qd7e8
19.Nf3h2 Nc6e7
20.Nh2g4 Ne7g6
21.Ng4xf6 gxf6
22.Bg5h6 Ng6f4
23.Bh6xf4 exf4
24.Qe2f3 f5
25.exf5 Rf8xf5
26.Rf1e1 Qe8f8
27.Re1e6 Rf5e5
28.Re6xe5 dxe5
29.Rd1e1 Qf8c5
30.Qf3e4 Rd8e8
31.Re1d1 c6
32.Rd1d7 Re8e7
33.Rd7xe7 Qc5xe7
34.Qe4xc6 Qe7d8
35.Qc6xa6 Qd8b6
36.Qa6c8 Qb6d8
37.Qc8a6 Qd8b6
38.Qa6c8 Qb6d8
39.Qc8e6 Ba5c7
40.Bb3d5 Bc7d6
41.Bd5c6 b4
42.cxb4 Bd6xb4
43.Qe6xe5 Kg8
44.Bc6d5 Kf8
45.Qe5xf4 Kg7
46.Qf4d4 Kg6
47.Bd5e4 { resign }
1-0

[Event "Tourn. n9139"]
[Site "www.chess-mail.com"]
[Date "2017.01.18"]
[Round "1"]
[White "Jobeye"]
[Black "Luban"]
[WhiteElo "2040"]
[BlackElo "2060"]
[Result "0-1"]
[Round "1"]
1.c3 d5
2.e4 d4
3.Qd1a4 Qd8d7
4.Qa4xd7 Bc8xd7
5.cxd4 e6
6.a3 h6
7.Nb1c3 Ng8f6
8.e5 Nf6d5
9.Nc3xd5 exd5
10.b4 Bf8e7
11.g3 O-O
12.f4 b6
13.Bf1g2 Bd7c6
14.Ng1e2 Bc6b7
 { time }
0-1

[Event "Tourn. n9129"]
[Site "www.chess-mail.com"]
[Date "2017.01.18"]
[Round "1"]
[White "Jazzy"]
[Black "Jobeye"]
[WhiteElo "2389"]
[BlackElo "1990"]
[Result "1-0"]
[Round "1"]
1.e4 e6
2.Ng1f3 g5
3.d4 Bf8g7
4.Bc1xg5 Bg7f6
5.Qd1d2 h6
6.Bg5xf6 Ng8xf6
7.Nb1c3 b6
8.O-O-O d5
9.Bf1d3 Bc8b7
10.Rh1e1 Nb8c6
11.e5 Nf6g8
12.Kb1 Qd8e7
13.Nc3e2 O-O-O
14.Ne2f4 f6
15.Nf4g6 Qe7g7
16.Ng6xh8 Qg7xh8
17.Qd2e2 f5
18.Bd3b5 Nc6a5
19.Nf3g1 a6
20.Bb5xa6 Ng8e7
21.Ba6b5  { time }
1-0

[Event "Tourn. n9066"]
[Site "www.chess-mail.com"]
[Date "2017.01.18"]
[Round "1"]
[White "Maciekkam"]
[Black "Tartan"]
[WhiteElo "2280"]
[BlackElo "2450"]
[Result "0-1"]
[Round "1"]
1.e4 e5
2.Ng1f3 Nb8c6
3.Bf1b5 a6
4.Bb5a4 Ng8f6
5.O-O Bf8e7
6.Rf1e1 b5
7.Ba4b3 O-O
8.c3 d5
9.exd5 Nf6xd5
10.Nf3xe5 Nc6xe5
11.Re1xe5 c6
12.d3 Be7d6
13.Re5e1 Qd8h4
14.g3 Qh4h3
15.Re1e4 Qh3f5
16.Nb1d2 Qf5g6
17.Re4e1 f5
18.a4 Ra8b8
 { time }
0-1

[Event "Tourn. n9154"]
[Site "www.chess-mail.com"]
[Date "2017.01.18"]
[Round "1"]
[White "Osopanda"]
[Black "Yoj"]
[WhiteElo "1960"]
[BlackElo "1809"]
[Result "1-0"]
[Round "1"]
1.d4 g6
2.e4 c5
3.Ng1f3 Nb8c6
4.Bf1e2 Bf8g7
5.Bc1e3 Qd8b6
6.O-O Qb6xb2
7.Nb1d2 cxd4
8.Ra1b1 Qb2xa2
9.Be2c4 Qa2a3
10.Be3f4 e5
11.Bf4g3 Ng8e7
12.Nf3g5 O-O
13.Rb1b3 Qa3d6
14.Rb3f3 Bg7f6
15.Bc4xf7 Kg7
16.Nd2c4 Qd6c7
17.Ng5xh7 Rf8xf7
18.Nh7xf6 Rf7xf6
19.Rf3xf6 Kxf6
20.f4 Kg7
21.fxe5 b5
22.Nc4d6 Bc8a6
23.Rf1f7 Kg8
24.Qd1g4 Ba6c8
25.Qg4h4 { resign }
1-0

[Event "Tourn. n9122"]
[Site "www.chess-mail.com"]
[Date "2017.01.18"]
[Round "1"]
[White "Lachouette"]
[Black "Hansen"]
[WhiteElo "1560"]
[BlackElo "1610"]
[Result "0-1"]
[Round "1"]
1.d4 d5
2.Ng1f3 e6
3.Bc1f4 Nb8c6
4.e3 Ng8f6
5.Bf1b5 Nf6e4
6.Bb5xc6 bxc6
7.O-O g5
8.Bf4e5 Rh8g8
9.Nb1d2 Ra8b8
10.Nd2xe4 dxe4
11.Nf3d2 Rb8xb2
12.c3 f6
13.Be5g3 c5
14.Qd1h5 Rg8g6
15.Qh5xh7 Rg6g7
16.Qh7xe4 { time. }
0-1

[Event "Tourn. n9130"]
[Site "www.chess-mail.com"]
[Date "2017.01.18"]
[Round "1"]
[White "Jjmcbride"]
[Black "Madz123456"]
[WhiteElo "1530"]
[BlackElo "1620"]
[Result "1-0"]
[Round "1"]
1.e4 c5
2.Ng1f3 d6
3.d4 cxd4
4.Nf3xd4 Ng8f6
5.Bf1d3 Nb8c6
6.Nd4xc6 bxc6
7.h3 g6
8.a3 Bf8g7
9.b4 Nf6xe4
10.Bd3xe4 d5
11.Ra1a2 dxe4
12.Qd1xd8 Kxd8
13.O-O Bc8e6
14.Bc1b2  { time }
1-0

[Event "Match"]
[Site "www.echecsemail.com"]
[Date "2017.01.18"]
[Round "1"]
[White "Ranjachess"]
[Black "Rindrandria"]
[WhiteElo "1740"]
[BlackElo "1710"]
[Result "1-0"]
[Round "1"]
1.e4 e5
2.d4 exd4
3.Qd1xd4 c5
4.Qd4c4 b6
5.Qc4d5 Nb8c6
6.Bf1b5 Ng8e7
7.Qd5d3 Nc6b4
8.Qd3e2 a6
9.Bb5c4 Ne7c6
10.c3 b5
11.Bc4xf7 Kxf7
12.cxb4 Nc6xb4
13.Ng1f3 Qd8a5
14.Nb1c3 Bc8b7
15.O-O Nb4c6
16.Bc1d2 b4
17.Nc3d5 Qa5d8
18.Bd2g5 Qd8b8
19.Nd5b6 a5
20.Nb6xa8 Qb8xa8
21.Qe2c4 Ke8
22.Rf1d1 h6
23.Bg5f4 Bb7a6
24.Qc4d5 Qa8b7
25.Nf3e5 d6
26.Ne5xc6 Ba6c4
27.Nc6xa5 Bc4xd5
28.Na5xb7 Bd5xb7
29.Bf4xd6 Bb7xe4
30.Bd6xf8 Rh8xf8
31.Rd1e1 g5
32.Re1xe4 Kd8
33.Ra1d1 Kc7
34.Re4e6 Rf8a8
35.Re6xh6 Ra8xa2
36.g3 Ra2xb2
37.Rd1e1 Rb2d2
38.f4 g4
39.f5 Rd2d5
40.Re1e6 Rd5xf5
41.Rh6h7 Kd8
42.Re6a6 Rf5f7
43.Rh7xf7 Ke8
44.Rf7b7 Kd8
45.Ra6a8 
1-0

[Event "Match"]
[Site "www.echecsemail.com"]
[Date "2017.01.18"]
[Round "1"]
[White "Sonny1000"]
[Black "Iko"]
[WhiteElo "1300"]
[BlackElo "1710"]
[Result "0-1"]
[Round "1"]
1.e4 e5
2.Ng1f3 d6
3.Bf1c4 Bc8g4
4.Bc4d5 c6
5.Bd5b3 d5
6.Qd1e2 Ng8f6
7.Nf3xe5 Bg4xe2
8.Kxe2 dxe4
9.Ne5xf7 Qd8e7
10.Nf7xh8 Nf6d5
11.g3 Nb8a6
12.d4 g6
13.Nb1d2 Bf8g7
14.Bb3a4 O-O-O
15.Nd2c4 Bg7xd4
16.a3 Rd8xh8
17.Bc1d2 b5
18.Ba4xb5 cxb5
19.Nc4a5 Bd4xb2
20.Ra1b1 Qe7xa3
21.Bd2g5 Nd5c3
22.Ke3 Qa3xa5
23.Rb1xb2 Qa5a3
24.Rh1b1 Nc3xb1
25.c3 Qa3xc3
26.Kf4 Qc3xb2
27.Kxe4 Rh8e8
28.Kd5 Qb2e5
29.Kc6 Re8e6
{ resign }
0-1

[Event "Match"]
[Site "www.echecsemail.com"]
[Date "2017.01.18"]
[Round "1"]
[White "Pellix84"]
[Black "Yoj"]
[WhiteElo "2040"]
[BlackElo "1749"]
[Result "1-0"]
[Round "1"]
1.d4 Nb8c6
2.d5 Nc6e5
3.Bc1f4 Ne5g6
4.Bf4g3 e6
5.e4 exd5
6.exd5 Qd8f6
7.Nb1c3 Bf8c5
8.Ng1f3 Bc5b6
9.Bf1d3 d6
10.Bd3b5 Bc8d7
11.Bb5xd7 Kxd7
12.O-O Ng8h6
13.h3 Rh8e8
14.Qd1d3 Re8e7
15.a4 Ra8e8
16.Qd3b5 c6
17.dxc6 bxc6
18.Qb5a6 Nh6f5
19.Bg3h2 Re8b8
20.Qa6c4 Bb6a5
21.Ra1d1 Rb8xb2
22.Nc3e4 Qf6e6
23.Ne4c5 Ke8
24.Nc5xe6 Re7xe6
25.Qc4xc6 Kf8
26.Bh2xd6 Kg8
27.Qc6c8 { resign }
1-0

[Event "Match"]
[Site "www.echecsemail.com"]
[Date "2017.01.18"]
[Round "1"]
[White "Biggles"]
[Black "Yoj"]
[WhiteElo "2170"]
[BlackElo "1749"]
[Result "1-0"]
[Round "1"]
1.e4 g5
2.Nb1c3 d6
3.d4 c6
4.Bc1xg5 Qd8b6
5.b3 Bf8g7
6.Ng1f3 Bc8g4
7.Bg5e3 c5
8.Bf1b5 Nb8c6
9.Nc3d5 Qb6a5
10.Be3d2 Qa5d8
11.c3 cxd4
12.cxd4 Bg7xd4
13.Ra1c1 Ra8c8
14.O-O Bg4xf3
15.Qd1xf3 e6
16.Rf1e1 Kf8
17.Bb5xc6 bxc6
18.Nd5c3 e5
19.Nc3e2 Bd4b6
20.Ne2g3 Ng8e7
21.Ng3h5 h6
22.Qf3f6 Ne7g6
23.Bd2xh6 Ke8
24.Nh5g7 Kd7
25.Qf6xf7 Ng6e7
26.Bh6g5 Rh8f8
27.Qf7e6 Kc7
28.Bg5xe7 Bb6xf2
29.Kh1 Qd8d7
30.Qe6xd7 Kxd7
31.Be7xf8 Bf2xe1
32.Rc1xe1 Rc8xf8
33.Ng7f5 d5
34.g4 d4
35.Kg2 Rf8f6
36.h4 Rf6f8
37.Kg3 Rf8b8
38.h5 Ke6
39.h6 Rb8g8
40.h7 Rg8h8
41.Re1h1 Kf6
42.Rh1h6 Kg5
43.b4 d3
44.Rh6h1 Kf6
45.a4 d2
46.Nf5e3 Kg6
47.Kf2 Rh8xh7
48.Rh1xh7 Kxh7
49.Ke2 Kg6
50.Kxd2 a6
51.Kc3 Kg5
52.Ne3c4 Kf4
53.g5 Kxe4
54.g6 Kf5
55.g7 Ke4
56.g8Q a5
57.Nc4xa5 { resign }
1-0

[Event "Match"]
[Site "www.echecsemail.com"]
[Date "2017.01.18"]
[Round "1"]
[White "Faerieking"]
[Black "Jobeye"]
[WhiteElo "2190"]
[BlackElo "2010"]
[Result "1-0"]
[Round "1"]
1.e4 g5
2.d4 e6
3.Bf1d3 c5
4.c3 Nb8c6
5.Ng1e2 d6
6.f4 gxf4
7.Bc1xf4 cxd4
8.cxd4 Bc8d7
9.O-O Nc6b4
10.Bd3c4 Qd8c7
11.a3 Qc7xc4
12.axb4  { time }
1-0

[Event "Match"]
[Site "www.echecsemail.com"]
[Date "2017.01.18"]
[Round "1"]
[White "Pinehill"]
[Black "Jobeye"]
[WhiteElo "2070"]
[BlackElo "1970"]
[Result "1-0"]
[Round "1"]
1.e4 g5
2.d4 e6
3.f4 Bf8e7
4.g3 gxf4
5.Bc1xf4 c5
6.Ng1f3 d6
7.c3 cxd4
8.cxd4 Ng8f6
9.Nb1c3 Nf6g4
10.Bf1g2 Qd8a5
11.O-O e5
12.dxe5 Qa5c5
13.Qd1d4 dxe5
14.Bf4xe5  { time }
1-0

[Event "Match"]
[Site "www.echecsemail.com"]
[Date "2017.01.18"]
[Round "1"]
[White "Mdesouza"]
[Black "Jobeye"]
[WhiteElo "2410"]
[BlackElo "1930"]
[Result "1-0"]
[Round "1"]
1.e4 g5
2.d4 e6
3.Nb1c3 c6
4.Ng1h3 d6
5.Bc1xg5 Bf8e7
6.Qd1d2 f6
7.Bg5h4 h6
8.Bf1e2 Bc8d7
9.Be2h5 Kf8
10.O-O-O d5
11.e5 f5
12.Bh4xe7  { time }
1-0

[Event "Match"]
[Site "www.echecsemail.com"]
[Date "2017.01.18"]
[Round "1"]
[White "Jobeye"]
[Black "Luzhin"]
[WhiteElo "2010"]
[BlackElo "2150"]
[Result "0-1"]
[Round "1"]
1.g3 Ng8f6
2.c3 e5
3.Ng1f3 Nb8c6
4.Bf1g2 d5
5.d3 Bf8e7
6.Bc1e3 O-O
7.Be3d2 e4
8.dxe4 dxe4
9.Nf3d4 Nc6xd4
10.cxd4 Qd8xd4
11.Nb1c3 Bc8f5
12.e3 Qd4d3
13.Bg2f1 Qd3d6
 { time }
0-1

[Event "Match"]
[Site "www.echecsemail.com"]
[Date "2017.01.18"]
[Round "1"]
[White "Fangshuo"]
[Black "Juodivarnai"]
[WhiteElo "2070"]
[BlackElo "2120"]
[Result "0-1"]
[Round "1"]
1.e4 c5
2.Ng1f3 d6
3.Bf1c4 e6
4.Nb1c3 Nb8c6
5.d4 cxd4
6.Nf3xd4 Ng8f6
7.Bc1g5 Bf8e7
8.Bg5xf6 Be7xf6
9.Nd4xc6 bxc6
10.O-O O-O
11.Rf1e1 Bf6xc3
12.bxc3 Bc8b7
13.Ra1b1 Ra8b8
14.Bc4d3 Qd8f6
15.e5 dxe5
16.Qd1h5 h6
17.Re1xe5 Bb7a8
18.Rb1e1 Rb8b2
19.a4 Rf8b8
20.g4 Rb2b1
21.Kg2 c5
22.Bd3e4 Rb1xe1
{ resign }
0-1

[Event "Match"]
[Site "www.echecsemail.com"]
[Date "2017.01.18"]
[Round "1"]
[White "Gimmyg"]
[Black "Yoj"]
[WhiteElo "2540"]
[BlackElo "1809"]
[Result "1-0"]
[Round "1"]
1.Ng1f3 d5
2.b3 Ng8f6
3.Bc1b2 e6
4.e3 Bf8d6
5.Bf1e2 Bc8d7
6.c4 Bd6b4
7.O-O dxc4
8.bxc4 O-O
9.d4 Nf6e4
10.a3 Bb4e7
11.Qd1c2 Bd7c6
12.Rf1d1 Ne4g5
13.d5 Ng5xf3
14.Be2xf3 exd5
15.cxd5 Bc6e8
16.d6 Nb8c6
17.dxe7 Qd8xe7
18.Nb1c3 Ra8d8
19.Nc3d5 Qe7g5
20.Nd5xc7 Be8d7
21.Rd1d5 f5
22.Ra1d1 Rf8f7
23.Qc2b3 b6
24.Rd5xd7 Rd8xd7
25.Rd1xd7 Nc6d8
26.Qb3d5 Qg5g6
27.Rd7xd8 { resign }
1-0